[Event "USA-ch U20"]
[Site "Saint Louis"]
[Date "2011.06.25"]
[Round "9"]
[White "Harper, Warren"]
[Black "Bryant, John Daniel"]
[Result "1-0"]
[WhiteElo "2310"]
[BlackElo "2413"]
[PlyCount "115"]
[EventDate "2011.06.16"]
[EventType "tourn"]
[EventRounds "9"]
[EventCountry "USA"]
[EventCategory "3"]
[SourceTitle "CBM 143 Extra"]
[Source "ChessBase"]
[SourceDate "2011.08.29"]
[SourceVersion "1"]
[SourceVersionDate "2011.08.29"]
[SourceQuality "1"]

1. d4 Nf6 2. c4 g6 3. Nc3 Bg7 4. g3 0-0 5. Bg2 d6 6. Nf3 Nbd7 7. 0-0 e5 8. e4 exd4 9. Nxd4 Re8 10. h3 a6 11. Be3 Rb8 12. a4 Ne5 13. b3 c5 14. Nde2 Be6 15. Ra2 b5 16. axb5 axb5 17. cxb5 c4 18. Nd4 Qc8 19. Nxe6 Qxe6 20. bxc4 Nxc4 21. Bd4 Rec8 22. Qa1 Ne5 23. Rb1 Rc4 24. Ra8 Nfd7 25. Rxb8+ Nxb8 26. Qa8 Ned7 27. Bxg7 Kxg7 28. Nd5 h5 29. Nf4 Qf6 30. h4 Rc2 31. Qa1 Ne5 32. b6 Kg8 33. Qa4 Rc6 34. b7 Kf8 35. Nd5 Qd8 36. Qa7 Rc2 37. Ne3 Rc5 38. Rd1 Rb5 39. Rc1 Nec6 40. Qa1 Kg8 41. Qa8 Kh7 42. e5 d5 43. Qa4 Rb4 44. Qa2 Rxb7 45. Qxd5 Rd7 46. Qc5 Nd4 47. Qc4 Ne6 48. Nd5 Kg7 49. Ra1 Nc7 50. Nf6 Re7 51. Qc5 Re6 52. Ra7 Nba6 53. Qe3 Nb5 54. Rd7 Qf8 55. Qg5 Nc5 56. Rd8 Rxe5 57. Nxh5+ Kh7 58. Qxe5 1-0

[Event "USA-ch U20"]
[Site "Saint Louis"]
[Date "2011.06.23"]
[Round "7"]
[White "Harper, Warren"]
[Black "Shen, Victor C"]
[Result "1/2-1/2"]
[WhiteElo "2310"]
[BlackElo "2281"]
[PlyCount "112"]
[EventDate "2011.06.16"]
[EventType "tourn"]
[EventRounds "9"]
[EventCountry "USA"]
[EventCategory "3"]
[SourceTitle "CBM 143 Extra"]
[Source "ChessBase"]
[SourceDate "2011.08.29"]
[SourceVersion "1"]
[SourceVersionDate "2011.08.29"]
[SourceQuality "1"]

1. e4 c5 2. Nf3 e6 3. d4 cxd4 4. Nxd4 Nc6 5. Nc3 Qc7 6. Be3 a6 7. Be2 Nf6 8. 0-0 Be7 9. f4 d6 10. a4 0-0 11. Kh1 Re8 12. Bf3 Rb8 13. Qe1 Bf8 14. Nb3 b6 15. g4 Nd7 16. g5 g6 17. Rd1 Bb7 18. h4 Na5 19. Nd4 Nc4 20. Bc1 e5 21. Nde2 exf4 22. Nxf4 Nce5 23. Bg2 Ba8 24. Qf2 b5 25. axb5 axb5 26. Nfd5 Qd8 27. Bh3 Bg7 28. Bf4 b4 29. Ne2 Rb5 30. Ng3 Bxd5 31. exd5 Re7 32. Ne4 Nc5 33. Nf6+ Kh8 34. Rfe1 Nb7 35. Bxe5 Rxe5 36. Rxe5 dxe5 37. Qe2 Rb6 38. Nd7 Rd6 39. Nxe5 Qc7 40. Nc6 h6 41. Qe8+ Kh7 42. gxh6 Kxh6 43. Qe3+ Kh7 44. b3 Rf6 45. Rf1 Bh6 46. Qe1 Qd6 47. Qe5 Rxf1+ 48. Bxf1 Qc5 49. Bd3 Qf2 50. Qh2 Qe1+ 51. Kg2 Nc5 52. Qg3 Nxd3 53. cxd3 Qe2+ 54. Qf2 Qg4+ 55. Qg3 Qe2+ 56. Qf2 Qg4+ 1/2-1/2

[Event "USA-ch U20"]
[Site "Saint Louis"]
[Date "2011.06.21"]
[Round "5"]
[White "Naroditsky, Daniel"]
[Black "Harper, Warren"]
[Result "1-0"]
[WhiteElo "2472"]
[BlackElo "2310"]
[PlyCount "65"]
[EventDate "2011.06.16"]
[EventType "tourn"]
[EventRounds "9"]
[EventCountry "USA"]
[EventCategory "3"]
[SourceTitle "CBM 143 Extra"]
[Source "ChessBase"]
[SourceDate "2011.08.29"]
[SourceVersion "1"]
[SourceVersionDate "2011.08.29"]
[SourceQuality "1"]

1. Nf3 f5 2. d3 g6 3. e4 d6 4. Nc3 Bg7 5. d4 Nf6 6. Bd3 e6 7. e5 dxe5 8. dxe5 Ng4 9. Bg5 Qd7 10. Qe2 0-0 11. 0-0-0 Qe8 12. h3 Nh6 13. Bf4 a6 14. Qe3 Nf7 15. g4 Kh8 16. h4 h6 17. h5 g5 18. Bxg5 fxg4 19. Bf4 gxf3 20. Qe4 Ng5 21. Bxg5 Rf5 22. Bf6 Qf8 23. Bxg7+ Qxg7 24. Rhg1 Rg5 25. Rxg5 Qxg5+ 26. Kb1 Qg7 27. Qxf3 Bd7 28. Qxb7 Bc6 29. Qc8+ Qg8 30. Qxc7 Bf3 31. Be2 Bc6 32. Rd8 Be8 33. Rxb8 1-0

[Event "USA-ch U20"]
[Site "Saint Louis"]
[Date "2011.06.18"]
[Round "3"]
[White "Getz, Alec S"]
[Black "Harper, Warren"]
[Result "1-0"]
[WhiteElo "2292"]
[BlackElo "2310"]
[PlyCount "111"]
[EventDate "2011.06.16"]
[EventType "tourn"]
[EventRounds "9"]
[EventCountry "USA"]
[EventCategory "3"]
[SourceTitle "CBM 143 Extra"]
[Source "ChessBase"]
[SourceDate "2011.08.29"]
[SourceVersion "1"]
[SourceVersionDate "2011.08.29"]
[SourceQuality "1"]

1. e4 e5 2. Nf3 Nc6 3. Bb5 g6 4. c3 a6 5. Bxc6 dxc6 6. Nxe5 Qg5 7. d4 Qxg2 8. Qf3 Qxf3 9. Nxf3 Bg4 10. Ne5 Be6 11. Be3 Bg7 12. Nd3 b6 13. Nd2 a5 14. f3 0-0-0 15. Nf4 Bd7 16. Kf2 Ne7 17. h4 f6 18. a4 Kb7 19. Rhb1 Ra8 20. Nc4 Ra7 21. b4 axb4 22. Rxb4 Rha8 23. a5 b5 24. d5 cxd5 25. Bxa7 dxc4 26. Bc5 Nc8 27. Nd5 f5 28. a6+ Kc6 29. Bd4 Bxd4+ 30. cxd4 fxe4 31. fxe4 Nd6 32. Nc3 Kb6 33. Nd5+ Kc6 34. Ne7+ Kb6 35. e5 Nf5 36. Nxf5 Bxf5 37. Ke3 c6 38. Rb2 c5 39. d5 b4 40. Rf2 Kb5 41. e6 b3 42. Rxf5 gxf5 43. e7 c3 44. Kd3 Kb4 45. d6 c4+ 46. Kd4 c2 47. d7 b2 48. Ra4+ Kxa4 49. e8Q Rd8 50. a7 c1Q 51. a8Q+ Rxa8 52. d8Q+ Kb3 53. Qb5+ Kc2 54. Qxc4+ Kd1 55. Qf1+ Kc2 56. Qd3# 1-0

[Event "USA-ch U20"]
[Site "Saint Louis"]
[Date "2010.07.13"]
[Round "4"]
[White "Yang, Darwin"]
[Black "Harper, Warren"]
[Result "1-0"]
[WhiteElo "2396"]
[BlackElo "2304"]
[PlyCount "119"]
[EventDate "2010.07.10"]
[EventType "tourn"]
[EventRounds "9"]
[EventCountry "USA"]
[EventCategory "5"]
[SourceTitle "CBM 137 Extra"]
[Source "ChessBase"]
[SourceDate "2010.09.01"]
[SourceVersion "1"]
[SourceVersionDate "2010.09.01"]
[SourceQuality "1"]

1. d4 Nf6 2. c4 e6 3. Nc3 Bb4 4. e3 c5 5. a3 Bxc3+ 6. bxc3 0-0 7. Bd3 Nc6 8. Ne2 b6 9. 0-0 Ba6 10. e4 Ne8 11. f4 f5 12. exf5 exf5 13. dxc5 bxc5 14. Be3 d6 15. Ng3 Qd7 16. Qa4 Bb7 17. Rab1 g6 18. Be2 Rc8 19. Rfd1 Qe7 20. Bf2 Ba8 21. Bf3 Nf6 22. Bd5+ Kh8 23. Re1 Qc7 24. Nf1 Rce8 25. Bh4 Ne4 26. Ng3 Kg7 27. Bxe4 fxe4 28. Nxe4 h6 29. Bg3 Ne7 30. Nd2 Bc6 31. Qc2 Nf5 32. Bf2 Ba8 33. Nf1 Qc6 34. Ne3 Rxe3 35. Bxe3 Re8 36. Bd4+ cxd4 37. cxd4 Nxd4 38. Qb2 Rxe1+ 39. Rxe1 Qb6 40. Qxb6 axb6 41. Re8 Bc6 42. Rd8 Nc2 43. Rxd6 Be8 44. Rxb6 Nxa3 45. c5 Nc4 46. Ra6 Bb5 47. Ra7+ Kf6 48. Kf2 Ke6 49. g4 Kd5 50. Rg7 Be8 51. Re7 Ba4 52. f5 gxf5 53. gxf5 Ne5 54. Kg3 Nd7 55. Kf4 Nxc5 56. f6 Ne6+ 57. Kg4 Bd1+ 58. Kh4 Kd6 59. Re8 Nf4 60. Rd8+ 1-0

[Event "USA-ch U20"]
[Site "Saint Louis"]
[Date "2010.07.10"]
[Round "1"]
[White "Harper, Warren"]
[Black "Bryant, John Daniel"]
[Result "1-0"]
[WhiteElo "2304"]
[BlackElo "2403"]
[PlyCount "83"]
[EventDate "2010.07.10"]
[EventType "tourn"]
[EventRounds "9"]
[EventCountry "USA"]
[EventCategory "5"]
[SourceTitle "CBM 137 Extra"]
[Source "ChessBase"]
[SourceDate "2010.09.01"]
[SourceVersion "1"]
[SourceVersionDate "2010.09.01"]
[SourceQuality "1"]

1. d4 Nf6 2. c4 g6 3. Nc3 Bg7 4. e4 d6 5. Nf3 0-0 6. Be2 Nbd7 7. 0-0 e5 8. Re1 c6 9. Qc2 Re8 10. d5 c5 11. a3 Nh5 12. g3 Bf8 13. Bd3 Be7 14. Kg2 Rf8 15. Bh6 Ng7 16. Nd1 Nf6 17. h3 Kh8 18. b4 b6 19. bxc5 bxc5 20. Bg5 Nfh5 21. Bxe7 Qxe7 22. Rb1 f5 23. Nc3 fxe4 24. Bxe4 Bd7 25. Rb2 Rf7 26. Reb1 Raf8 27. Rb7 Qf6 28. Nd1 Nf5 29. Qd3 Nd4 30. Nxd4 exd4 31. f4 Nxf4+ 32. gxf4 Qxf4 33. R1b2 Qg5+ 34. Qg3 Qc1 35. Nf2 Qe1 36. Bd3 Qc1 37. Rc2 Qxa3 38. Qxd6 Bxh3+ 39. Kxh3 Qa1 40. Rxf7 Rxf7 41. Qe5+ Kg8 42. Kg2 1-0

[Event "USA tt"]
[Site "ICC INT"]
[Date "2008.09.22"]
[Round "5"]
[White "Jones, Craig W"]
[Black "Harper, Warren"]
[Result "0-1"]
[WhiteElo "2266"]
[BlackElo "2294"]
[PlyCount "116"]
[EventDate "2008.10.22"]
[EventType "team"]
[EventRounds "10"]
[EventCountry "USA"]
[SourceTitle "CBM 126 Extra"]
[Source "ChessBase"]
[SourceDate "2008.11.05"]
[SourceVersion "1"]
[SourceVersionDate "2008.11.05"]
[SourceQuality "1"]

1. d4 Nf6 2. Nf3 e6 3. c4 Bb4+ 4. Bd2 Qe7 5. Nc3 Bxc3 6. Bxc3 Ne4 7. Qc2 Nxc3 8. Qxc3 0-0 9. g3 d6 10. Bg2 Nc6 11. d5 Nb8 12. 0-0 e5 13. b4 Bg4 14. c5 Nd7 15. c6 bxc6 16. dxc6 Nf6 17. b5 a6 18. a4 Rfb8 19. Rfb1 Rb6 20. a5 Rxb5 21. Rxb5 axb5 22. Qb4 Bc8 23. Qxb5 Ba6 24. Qb2 Qe8 25. Nh4 g6 26. f4 Ng4 27. f5 Ne3 28. Be4 gxf5 29. Qc1 f4 30. Ra3 d5 31. Rxe3 fxe3 32. Bxd5 Rd8 33. Qxe3 Rxd5 34. Qg5+ Kf8 35. Qh6+ Ke7 36. Nf5+ Kd8 37. Qf6+ Kc8 38. Ne7+ Kb8 39. Nxd5 Bxe2 40. Kf2 Bc4 41. Ne7 Be6 42. Qh4 Ka8 43. Qb4 Qb8 44. Qxb8+ Kxb8 45. Ke3 f5 46. g4 f4+ 47. Ke4 Bxg4 48. Kxe5 f3 49. Nd5 f2 50. Ne3 Be2 51. Ke6 f1Q 52. Nxf1 Bxf1 53. Kd7 Bb5 54. h4 h5 55. Kd8 Bxc6 56. a6 Ba8 57. a7+ Kb7 58. Kd7 Kb6 0-1

[Event "Foxwoods op 10th"]
[Site "Ledyard"]
[Date "2008.03.22"]
[Round "7"]
[White "Friedel, Joshua E"]
[Black "Harper, Warren"]
[Result "1-0"]
[WhiteElo "2487"]
[BlackElo "2195"]
[PlyCount "59"]
[EventDate "2008.03.19"]
[EventType "swiss"]
[EventRounds "9"]
[EventCountry "USA"]
[SourceTitle "CBM 123 Extra"]
[Source "ChessBase"]
[SourceDate "2008.05.06"]
[SourceVersion "1"]
[SourceVersionDate "2008.05.06"]
[SourceQuality "1"]

1. e4 c5 2. Nf3 d6 3. d4 cxd4 4. Nxd4 Nf6 5. Nc3 g6 6. Be3 Bg7 7. f3 0-0 8. Qd2 Nc6 9. 0-0-0 d5 10. exd5 Nxd5 11. Nxc6 bxc6 12. Bd4 e5 13. Bc5 Be6 14. Ne4 Rb8 15. Bc4 Re8 16. h4 h6 17. g4 a5 18. g5 h5 19. Qf2 Qc7 20. a4 Red8 21. b3 Rb7 22. Rd3 Nf4 23. Rxd8+ Qxd8 24. Bxe6 Nxe6 25. Rd1 Rd7 26. Rxd7 Qxd7 27. Qd2 Nd4 28. Bxd4 Qh3 29. Nf6+ Bxf6 30. Qe1 1-0

[Event "Wch U16"]
[Site "Kemer"]
[Date "2007.11.28"]
[Round "11"]
[White "Kaminski, Victor Kazimierz"]
[Black "Harper, Warren"]
[Result "1/2-1/2"]
[WhiteElo "2157"]
[BlackElo "2195"]
[PlyCount "108"]
[EventDate "2007.11.18"]
[EventType "swiss"]
[EventRounds "11"]
[EventCountry "TUR"]
[SourceTitle "CBM 121 Extra"]
[Source "ChessBase"]
[SourceDate "2008.01.10"]
[SourceVersion "1"]
[SourceVersionDate "2008.01.10"]
[SourceQuality "1"]

1. c4 c5 2. Nc3 Nc6 3. g3 g6 4. Bg2 Bg7 5. e3 e5 6. Nge2 Nge7 7. 0-0 Rb8 8. f4 d6 9. fxe5 dxe5 10. Ne4 f5 11. Nxc5 Qd6 12. b4 b6 13. Nb3 Be6 14. c5 Qd3 15. Bb2 0-0 16. cxb6 axb6 17. Nec1 Qc4 18. a3 Rfd8 19. Rf2 Qa6 20. d3 Qa4 21. Rf1 Bh6 22. Kf2 Nd5 23. Bxd5 Bxd5 24. Nd2 Qa7 25. b5 Na5 26. Bxe5 Re8 27. Bf4 Bxf4 28. gxf4 Qe7 29. Re1 Qh4+ 30. Kg1 Qh3 31. e4 Bb7 32. Qe2 Rbc8 33. Qg2 Qxg2+ 34. Kxg2 Rc2 35. Ra2 Rec8 36. Rxc2 Rxc2 37. Rd1 fxe4 38. dxe4 Bxe4+ 39. Kg1 Bf5 40. Ncb3 Nxb3 41. Nxb3 Rb2 42. Rd8+ Kf7 43. Nd4 Rd2 44. a4 Bc2 45. Rd7+ Ke8 46. Rc7 Bxa4 47. Ne6 Rd6 48. Ra7 Rxe6 49. Rxa4 Re1+ 50. Kg2 Rb1 51. Ra7 Rxb5 52. Rxh7 Kf8 53. Rb7 Rb1 54. Kg3 b5 1/2-1/2

[Event "Wch U16"]
[Site "Kemer"]
[Date "2007.11.18"]
[Round "1"]
[White "Al Ajji, Abdulaziz"]
[Black "Harper, Warren"]
[Result "0-1"]
[WhiteElo "1587"]
[BlackElo "2195"]
[PlyCount "94"]
[EventDate "2007.11.18"]
[EventType "swiss"]
[EventRounds "11"]
[EventCountry "TUR"]
[SourceTitle "CBM 121 Extra"]
[Source "ChessBase"]
[SourceDate "2008.01.10"]
[SourceVersion "1"]
[SourceVersionDate "2008.01.10"]
[SourceQuality "1"]

1. e4 Nf6 2. e5 Nd5 3. c4 Nb6 4. d4 d6 5. exd6 exd6 6. Nf3 Be7 7. Bd3 0-0 8. 0-0 Bg4 9. h3 Bh5 10. Be3 Nc6 11. Nbd2 f5 12. Nb3 f4 13. Bd2 a5 14. Bc3 Bf6 15. Qc2 Bxf3 16. Bxh7+ Kh8 17. gxf3 a4 18. Qg6 axb3 19. Qh5 Bg5 20. Bg6+ Bh6 21. axb3 Qg5+ 22. Qg4 Ne7 23. Bd3 Qxg4+ 24. fxg4 Bg5 25. Rae1 Nc6 26. Kg2 f3+ 27. Kh1 Bf6 28. Re4 d5 29. cxd5 Nxd5 30. Rfe1 Ndb4 31. Bb1 Rad8 32. Rd1 Nd5 33. Rd3 Bh4 34. Kg1 Ncb4 35. Rd2 Bg5 36. Rd1 Nxc3 37. bxc3 Nd5 38. Rd3 Nf4 39. Rd1 Ne2+ 40. Rxe2 fxe2 41. Re1 Rde8 42. Bd3 Bh4 43. Rxe2 Rxe2 44. Bxe2 Rxf2 45. Bd1 b6 46. c4 Rd2 47. Bf3 Bf2+ 0-1

[Event "Foxwoods op 09th"]
[Site "Connecticut"]
[Date "2007.04.05"]
[Round "3"]
[White "Vavrak, Peter"]
[Black "Harper, Warren"]
[Result "1-0"]
[WhiteElo "2423"]
[BlackElo "2165"]
[PlyCount "65"]
[EventDate "2007.04.04"]
[EventType "swiss"]
[EventRounds "9"]
[EventCountry "USA"]
[SourceTitle "CBM 117 Extra"]
[Source "ChessBase"]
[SourceDate "2007.05.09"]
[SourceVersion "1"]
[SourceVersionDate "2007.05.09"]
[SourceQuality "1"]

1. d4 Nf6 2. c4 e6 3. Nf3 Bb4+ 4. Nbd2 d5 5. e3 0-0 6. Bd3 dxc4 7. Bxc4 a6 8. 0-0 b5 9. Bd3 c5 10. e4 e5 11. Nxe5 Qxd4 12. Ndf3 Qd6 13. Nxf7 Rxf7 14. e5 Qc6 15. exf6 Bb7 16. Bc4 bxc4 17. Qd8+ Rf8 18. f7+ Kxf7 19. Ne5+ Kg8 20. Nxc6 Rxd8 21. Nxd8 Be4 22. a3 Ba5 23. Ne6 Nd7 24. Rd1 Re8 25. Nxg7 Re7 26. Nh5 Bc2 27. Bg5 Bxd1 28. Rxd1 Re1+ 29. Rxe1 Bxe1 30. Nf6+ Nxf6 31. Bxf6 Bd2 32. Bc3 Bc1 33. g3 1-0

[Event "North American op 16th"]
[Site "Las Vegas"]
[Date "2006.12.26"]
[Round "1"]
[White "Khachiyan, Melikset"]
[Black "Harper, Warren"]
[Result "1-0"]
[WhiteElo "2539"]
[BlackElo "2257"]
[PlyCount "65"]
[EventDate "2006.12.26"]
[EventType "swiss"]
[EventRounds "9"]
[EventCountry "USA"]
[SourceTitle "CBM 116 Extra"]
[Source "ChessBase"]
[SourceDate "2007.03.07"]
[SourceVersion "1"]
[SourceVersionDate "2007.03.07"]
[SourceQuality "1"]

1. e4 c5 2. Nf3 d6 3. Bb5+ Bd7 4. Bxd7+ Qxd7 5. c4 Nc6 6. d4 cxd4 7. Nxd4 g6 8. Nc3 Bg7 9. Be3 Nh6 10. h3 f5 11. Qd2 Nf7 12. Nde2 Nfe5 13. b3 fxe4 14. 0-0-0 a5 15. Nxe4 a4 16. Bh6 Nd3+ 17. Kb1 Bxh6 18. Qxh6 Nce5 19. Qe3 axb3 20. Rxd3 Rxa2 21. N2c3 0-0 22. Nxa2 bxa2+ 23. Ka1 Qc6 24. Rc1 Rf4 25. f3 Nxd3 26. Qxd3 Rf5 27. Rc2 Qb6 28. Qd1 Qb3 29. Qc1 d5 30. Rb2 Qd3 31. cxd5 Rxd5 32. Rd2 Qb3 33. Qc2 1-0